000 00333nam a2200133Ia 4500
008 150201s2014 xx 000 0 und d
082 _a616.57
_bS2013A
100 _aNISHEETA ,AGNI
245 _aSOLIVARY GLAND PATHOLOGIYES
250 _a1ST
260 _bJAYPEE-BROTHERS MEDICAL PUBLISHERS
650 _aPATHOLOGY
942 _2ddc
_cBK
999 _c4816
_d4816